Władcy, prezydenci i sekretarze Polski według wydarzenia - Statystyki

Ogólne statystyki
  • Ten quiz został rozwiązany 38 razy
  • Średni wynik to 7 z 15
Statystyki odpowiedzi
Wydarzenie Władca / prezydent / sekretarz % Poprawnych
Wstąpienie Polski do Unii Europejskiej Aleksander Kwaśniewski
97%
Stan Wojenny Wojciech Jaruzelski
97%
Chrzest Polski Mieszko I
72%
Katastrofa smoleńska Lech Kaczyński
69%
Szczyt NATO w Warszawie Andrzej Duda
63%
Grudzień 1970 Władysław Gomułka
63%
Rozbiory Polski Stanisław August Poniatowski
59%
Atak Niemiec na Polskę Ignacy Mościcki
41%
Realizacja Planu Balcerowicza Lech Wałęsa
41%
Hołd pruski Zygmunt I Stary
25%
Rozbicie dzielnicowe Bolesław III Krzywousty
22%
Wojna polsko-rosyjska (1609-1618) Zygmunt III Waza
22%
Założenie "Solidarności" Stanisław Kania
19%
Odzyskanie niepodległości Józef Piłsudzki
16%
Potop szwedzki Jan II Kazimierz Waza
13%
Nie znaleziono quizów pasujących do podanych kryteriów
Rozkład punktacji
Procent ludzi z każdym wynikiem
Percentyl według liczby udzielonych odpowiedzi
Twoja historia wyników
Nie rozwiązałeś tego quizu